<?xml version="1.0" encoding="UTF-8"?>
<record
    xmlns:xsi="http://www.w3.org/2001/XMLSchema-instance"
    xsi:schemaLocation="http://www.loc.gov/MARC21/slim http://www.loc.gov/standards/marcxml/schema/MARC21slim.xsd"
    xmlns="http://www.loc.gov/MARC21/slim">

  <leader>01782nam a2200301 i 4500</leader>
  <controlfield tag="001">000026297</controlfield>
  <controlfield tag="003">DO-SdBNP</controlfield>
  <controlfield tag="005">20250407115500.0</controlfield>
  <controlfield tag="007">ta</controlfield>
  <controlfield tag="008">110310s1997    dr            000 e spa d</controlfield>
  <datafield tag="040" ind1=" " ind2=" ">
    <subfield code="a">DO-SdBNP</subfield>
    <subfield code="b">spa</subfield>
    <subfield code="c">BNPHU</subfield>
    <subfield code="e">rda</subfield>
  </datafield>
  <datafield tag="082" ind1=" " ind2="4">
    <subfield code="a">923</subfield>
    <subfield code="b">V468p</subfield>
    <subfield code="2">22</subfield>
  </datafield>
  <datafield tag="100" ind1="1" ind2=" ">
    <subfield code="a">Ventura, Juan</subfield>
    <subfield code="9">34784</subfield>
    <subfield code="e">autor</subfield>
    <subfield code="4">aut.</subfield>
  </datafield>
  <datafield tag="245" ind1="1" ind2="0">
    <subfield code="a">Figuras puertoplate&#xF1;as /</subfield>
    <subfield code="c">Juan Ventura.</subfield>
  </datafield>
  <datafield tag="264" ind1=" " ind2="1">
    <subfield code="a">Santo Domingo :</subfield>
    <subfield code="b">Cantera Gr&#xE1;fica,</subfield>
    <subfield code="c">1994</subfield>
  </datafield>
  <datafield tag="300" ind1=" " ind2=" ">
    <subfield code="a">volumen ;</subfield>
    <subfield code="c">21 cm.</subfield>
  </datafield>
  <datafield tag="336" ind1=" " ind2=" ">
    <subfield code="2">rdacontent</subfield>
    <subfield code="a">texto</subfield>
    <subfield code="b">txt</subfield>
  </datafield>
  <datafield tag="337" ind1=" " ind2=" ">
    <subfield code="2">rdamedia</subfield>
    <subfield code="a">sin medici&#xF3;n</subfield>
    <subfield code="b">n</subfield>
  </datafield>
  <datafield tag="338" ind1=" " ind2=" ">
    <subfield code="2">rdacarrier</subfield>
    <subfield code="a">volumen</subfield>
    <subfield code="b">nc</subfield>
  </datafield>
  <datafield tag="500" ind1=" " ind2=" ">
    <subfield code="a">Incluye datos biogr&#xE1;fico del autor en la contracubierta.</subfield>
  </datafield>
  <datafield tag="504" ind1=" " ind2=" ">
    <subfield code="a">Incluye referencia bibliogr&#xE1;ficas y notas al pie de p&#xE1;ginas.</subfield>
  </datafield>
  <datafield tag="505" ind1=" " ind2=" ">
    <subfield code="a">Volumen 1.</subfield>
    <subfield code="g">Introducci&#xF3;n.</subfield>
    <subfield code="t">General Gregorio Luper&#xF3;n.-- General Ulises Heureaux.-- Lic. Emilio Prud&#x2018;Homme.-- Don Ricardo Limardo.-- Lic. Emilio Rodr&#xED;guez Demorizi.-- Margarita Mears.-- Jos&#xE9; del Carmen Ariza T.-- Andr&#xE9;s Brugal y Montaner.-- Jaime Henry Colson Trenwell.-- Antera Mota.-- Mary Lithgow Pierce.-- Jos&#xE9; Dubeau Bremount.-- Lic. Luis Jos&#xE9; Dub&#xFA;s.-- Don Natalio Redondo.-- General Segundo Francisco Imbert.-- Dr. Hip&#xF3;lito Rodr&#xED;guez S&#xE1;nchez (Polo).-- </subfield>
    <subfield code="t">F&#xE9;lix Ger&#xF3;nimo Esca&#xF1;o Pe&#xF1;a.-- Don Pedro Ceballos Le&#xF3;n.-- Lic. Aramando Rodr&#xED;guez Victoria.-- Jos&#xE9; Ram&#xF3;n L&#xF3;pez y Lora.--Lic. Francisco J. Peynado y Tuttlinger.-- Lic. Henry Enmanuel Ashton Hodge.-- Francisco Carlos Ortea y Kennedy.-- Jes&#xFA;s Mar&#xED;a Santos.</subfield>
  </datafield>
  <datafield tag="590" ind1=" " ind2=" ">
    <subfield code="a">Inventariado 2023 / MF</subfield>
  </datafield>
  <datafield tag="651" ind1=" " ind2="4">
    <subfield code="a">Puerto Plata (Rep&#xFA;blica Dominicana{Rpara}</subfield>
    <subfield code="x">Biograf&#xED;as</subfield>
    <subfield code="9">53328</subfield>
  </datafield>
  <datafield tag="651" ind1=" " ind2="4">
    <subfield code="a">Puerto Plata (Rep&#xFA;blica Dominicana{Rpara}</subfield>
    <subfield code="x">Historia Local</subfield>
    <subfield code="9">1943</subfield>
  </datafield>
  <datafield tag="651" ind1=" " ind2="4">
    <subfield code="a">Ciudades y Pueblos</subfield>
    <subfield code="z">Rep&#xFA;blica Dominicana</subfield>
    <subfield code="9">33769</subfield>
  </datafield>
  <datafield tag="942" ind1=" " ind2=" ">
    <subfield code="2">ddc</subfield>
    <subfield code="c">LBS1</subfield>
  </datafield>
  <datafield tag="952" ind1=" " ind2=" ">
    <subfield code="0">0</subfield>
    <subfield code="1">0</subfield>
    <subfield code="2">ddc</subfield>
    <subfield code="5">1</subfield>
    <subfield code="7">0</subfield>
    <subfield code="8">PD</subfield>
    <subfield code="a">BNPHU</subfield>
    <subfield code="b">BNPHU</subfield>
    <subfield code="c">CT</subfield>
    <subfield code="d">2023-12-01</subfield>
    <subfield code="e">Donado por la Presidencia de la Rep&#xFA;blica Dominicana 2023</subfield>
    <subfield code="l">0</subfield>
    <subfield code="o">BNPHU PD 923 V468p</subfield>
    <subfield code="p">26297-10</subfield>
    <subfield code="r">2020-06-25</subfield>
    <subfield code="t">v.2</subfield>
    <subfield code="y">LBS1</subfield>
    <subfield code="z">Perteneci&#xF3; a la biblioteca personal de Emilio Cordero Michel/ Autografiado por el autor</subfield>
    <subfield code="Z">No se presta</subfield>
  </datafield>
  <datafield tag="952" ind1=" " ind2=" ">
    <subfield code="0">0</subfield>
    <subfield code="1">1</subfield>
    <subfield code="2">ddc</subfield>
    <subfield code="5">1</subfield>
    <subfield code="7">0</subfield>
    <subfield code="8">PD</subfield>
    <subfield code="a">BNPHU</subfield>
    <subfield code="b">BNPHU</subfield>
    <subfield code="c">CT</subfield>
    <subfield code="d">2014-07-18</subfield>
    <subfield code="e">Donado por Barbara Suncar</subfield>
    <subfield code="l">0</subfield>
    <subfield code="o">923 V468p</subfield>
    <subfield code="p">2023-4925</subfield>
    <subfield code="r">2023-07-18</subfield>
    <subfield code="t">v.2, e.2</subfield>
    <subfield code="w">2023-07-18</subfield>
    <subfield code="y">LBS1</subfield>
  </datafield>
  <datafield tag="952" ind1=" " ind2=" ">
    <subfield code="0">0</subfield>
    <subfield code="1">0</subfield>
    <subfield code="2">ddc</subfield>
    <subfield code="5">1</subfield>
    <subfield code="7">0</subfield>
    <subfield code="8">PD</subfield>
    <subfield code="a">BNPHU</subfield>
    <subfield code="b">BNPHU</subfield>
    <subfield code="c">CT</subfield>
    <subfield code="d">2004-05-23</subfield>
    <subfield code="l">0</subfield>
    <subfield code="o">923 V468p</subfield>
    <subfield code="p">30542-10</subfield>
    <subfield code="r">2024-07-03</subfield>
    <subfield code="t">v.1</subfield>
    <subfield code="w">2024-07-03</subfield>
    <subfield code="y">LBS1</subfield>
  </datafield>
  <datafield tag="952" ind1=" " ind2=" ">
    <subfield code="0">0</subfield>
    <subfield code="1">0</subfield>
    <subfield code="2">ddc</subfield>
    <subfield code="5">1</subfield>
    <subfield code="7">0</subfield>
    <subfield code="8">PD</subfield>
    <subfield code="a">BNPHU</subfield>
    <subfield code="b">BNPHU</subfield>
    <subfield code="c">CT</subfield>
    <subfield code="d">2004-06-30</subfield>
    <subfield code="e">Pertenci&#xF3; a la biblioteca Emilio Cordero Michel</subfield>
    <subfield code="l">0</subfield>
    <subfield code="o">923 V468p</subfield>
    <subfield code="p">30542-20</subfield>
    <subfield code="r">2024-07-03</subfield>
    <subfield code="t">v.1, e.2</subfield>
    <subfield code="w">2024-07-03</subfield>
    <subfield code="y">LBS1</subfield>
  </datafield>
  <datafield tag="952" ind1=" " ind2=" ">
    <subfield code="0">0</subfield>
    <subfield code="1">0</subfield>
    <subfield code="2">ddc</subfield>
    <subfield code="5">6</subfield>
    <subfield code="7">0</subfield>
    <subfield code="8">DS</subfield>
    <subfield code="a">BNPHU</subfield>
    <subfield code="b">BNPHU</subfield>
    <subfield code="c">CT</subfield>
    <subfield code="d">2024-07-03</subfield>
    <subfield code="e">Pertenci&#xF3; a la biblioteca Emilio Cordero Michel</subfield>
    <subfield code="l">0</subfield>
    <subfield code="o">923 V468p</subfield>
    <subfield code="p">2024-3264</subfield>
    <subfield code="r">2024-07-03</subfield>
    <subfield code="t">v.1, e.3</subfield>
    <subfield code="w">2024-07-03</subfield>
    <subfield code="y">LBS1</subfield>
  </datafield>
  <datafield tag="999" ind1=" " ind2=" ">
    <subfield code="c">25789</subfield>
    <subfield code="d">25789</subfield>
  </datafield>
</record>
